00582 2200217 4500001002100000005001700021008004100038020001800079035002500097040001200122082001700134084002300151090002300174100002000197245004900217260002800266300003500294650001200329850001200341990001100353INLIS00000000001551920151104104157.0  a979-553-262-2 a0010-111500000000132 aYOPDYOG a398.20959824 a398.20959824 Imr C a398.20959824 Imr C aD. Zawawi Imron aCerita Rakyat dari Madurac/ D. Zawawi Imron aJakartabGrasindoc1993 avi, 50 hlm.b: ilus. ;c21 cm. aFolklor aYOPDYOG a8493-P